Les plus grandes salles de concerts de France - Statistiques

Statistiques générales
  • Ce quiz a été pris 197 fois
  • Le résultat moyen est 3 sur 20
Statistiques - réponses
Capacité Salle % Correct
20 000 Accor Arena (Paris)
98%
40 000 Paris La Défense Arena
53%
16 000 LDLC Arena (Lyon - Décines-Charpieu)
24%
17 000 Halle Tony-Garnier (Lyon)
21%
12 079 Zénith Strasbourg Europe (Strasbourg)
20%
11 000 Zénith de Toulouse Métropole
17%
25 000 Zénith de Nancy (extérieur)
16%
25 000 Arena Pierre-Mauroy (Lille - Villeneuve-d'Ascq)
14%
11 300 Arkéa Arena (Bordeaux)
14%
13 000 Arènes de Nîmes
9%
12 200 Galaxie (Amnéville)
8%
10 000 Co'Met (Orléans)
7%
11 500 Gayant Expo (Douai)
7%
14 000 Arena stade couvert de Liévin
6%
14 800 Arena Sud de France (Montpellier)
6%
13 100 Arènes de Béziers
5%
12 500 Arènes d'Arles
4%
14 000 Grand Hall (Tours)
4%
10 000 Théâtre de Plein Air (Colmar)
3%
12 000 Parc des expositions de Penfeld (Brest)
2%
Aucun quiz correspondant
Distribution des résultats
% des personnes avec chaque résultat
Percentile par nombre de réponses
Votre historique - résultats
Vous n’avez pas pris ce quiz